000 00710cam a2200229 a 4500
001 000009359
005 20200929161551.0
008 770518s1976 sp 000 f spa
020 _a8432203033
040 _aDO-SdBNP
_cDLC
_dBNPHU
082 _aV863.44
_bU86o
100 1 _aUslar Pietri, Arturo,
_d1906-2001.
_912623
245 1 0 _aOficio de difuntos /
_cArturo Uslar Pietri.
260 _aBarcelona :
_bSeix Barral,
_c1976.
300 _a351 p. ;
_c20 cm.
490 1 _aBiblioteca breve
_v419
_aNovela
650 4 _aNovela venezolana
_93962
650 4 _aLiteratura venezolana
_ySIGLO XX
_99777
830 0 _aBiblioteca breve ;
_v419
_pNovela
_924134
910 _aCatalogación por copia / LC
049 _aBNGR
999 _c9119
_d9119